Statystyki dla Lokacje Fortnite Rozdział 4

Kliknij tutaj aby rozwiązać quiz!

Ogólne statystyki

  • Ten quiz został rozwiązany 80 razy
  • Średni wynik to 5 z 19

Statystyki odpowiedzi

sezonMiejscówka% Poprawnych
2-4Mega City
78%
1-3Cytadela
58%
1-4Brutalny Bastion
55%
1-2Rynek Kowadła
46%
4Lunarne Lokum
40%
1-4Sioło Szaleństwa
34%
1-4Bezładny Brzeg
31%
2-4Zaparowane Źródła
26%
3-4Ruiny Rumoru
23%
4Witalne Wczasowisko
23%
1-3Lodowe Laboratoria
22%
1-4Zabezpieczona Zatoka
22%
4Radykalna Rekreacja
20%
3-4Cieknąca Centrala
17%
3-4Pnące Posiadłości
17%
2-4Poplątana Przystań
9%
1Podzielnice
2%
2-4Rozstanie Kenjutsu
2%
1-4Obłupana Odrkrywka
0%

Rozkład punktacji

Percentyl według liczby udzielonych odpowiedzi

Procent ludzi z każdym wynikiem

Twoja historia wyników

Nie rozwiązałeś tego quizu